Normal view
MARC view
- Foxall, James D
Entry Personal Name
001 - CONTROL NUMBER
- control field: 113115
003 - CONTROL NUMBER IDENTIFIER
- control field: NUST
005 - DATE AND TIME OF LATEST TRANSACTION
- control field: 20230608173134.0
008 - FIXED-LENGTH DATA ELEMENTS
- fixed length control field: 230608|| aca||aabn | a|a d
040 ## - CATALOGING SOURCE
- Original cataloging agency: NUST
- Transcribing agency: NUST
100 ## - HEADING--PERSONAL NAME
- Personal name: Foxall, James D
670 ## - SOURCE DATA FOUND
- Source citation: Work cat.: (NUST)175179: Prague, Cary N. 113113, Access 97 SECRETS /, c1997.
